Word Ladder: Two Heroic Bands? Quiz Stats

 Plays Quiz Updated Apr 25, 2019

Score 0/25 Timer 04:00
1 Play Today
Clue 5-Letter Word % Correct
Final resting placeGRAVE
93.7%
Result of an examGRADE
93.5%
Baseball fielder's toolGLOVE
93%
Successful college studentsGRADS
91.4%
Small woodGROVE
89.5%
Aromatic herbCLOVE
89.2%
End the business dayCLOSE
89.2%
More certainSURER
88%
With [Rung 1], prog rock group
Or: Lady's spaghetti-eating partner
☆ TRAMP ☆
87.6%
Made a decisionCHOSE
87.5%
Pursue wild geese?CHASE
86.9%
With [Rung 19] or [Rung 25], band names
Or: Fantastic, like the Mario Bros
☆ SUPER ☆
86.2%
Liquidized fruit or vegetablesPUREE
85.9%
Clue 5-Letter Word % Correct
Less contaminatedPURER
85.5%
Marine molluscsCLAMS
83.3%
Show disapproval with lipsPURSE
82.3%
Possible result of exerciseCRAMP
81.5%
Possible result of illegal parkingCLAMP
77.9%
Social or school groupCLASS
74.4%
With [Rung 1], 90s rock band
Or: Vegetation
☆ GRASS ☆
74.1%
Make fun ofTEASE
73.6%
Showing no sensitivityCRASS
73.1%
Latin expression meaning intrinsically (2 words)PER SE
72.2%
Bring to an endCEASE
72%
Abrupt or curtTERSE
68.6%

Today's Daily Dose

Word Ladder
Lean on Me

Get the Picture
Superhero by Villain

You're not logged in!

Compare scores with friends on all Sporcle quizzes.
OR
Log In

Sporcle TV

Today on Sporcle TV


Watch our educational content, quiz creation guides, and fun videos on Sporcle TV.

Show Comments

Extras

Top Quizzes Today


Score Distribution

Your Account Isn't Verified!

In order to create a playlist on Sporcle, you need to verify the email address you used during registration. Go to your Sporcle Settings to finish the process.

Report this User

Report this user for behavior that violates our Community Guidelines.

Details: